书目信息 |
| 题名: |
恒星的一生
|
|
| 作者: | 赵复垣 著 | |
| 分册: | ||
| 出版信息: | 南宁 广西教育出版社 1999 |
|
| 页数: | 126页 | |
| 开本: | 20cm | |
| 丛书名: | 走向科学的明天丛书 | |
| 单 册: | ||
| 中图分类: | P152-49 | |
| 科图分类: | ||
| 主题词: | 恒星--普及读物 , 恒星 | |
| 电子资源: | ||
| ISBN: | 7-5435-2905-X | |
| 000 | 00743oam2 2200265 450 | |
| 001 | 1560549799 | |
| 005 | 20150207164927.43 | |
| 010 | @a7-5435-2905-X@dCNY8.60 | |
| 100 | @a19991210d1999 em y0chiy0110 ea | |
| 101 | 0 | @achi |
| 102 | @aCN@b450000 | |
| 105 | @af z 000yy | |
| 200 | 1 | @a恒星的一生@9heng xing de yi sheng@f赵复垣著 |
| 210 | @a南宁@c广西教育出版社@d1999 | |
| 215 | @a126页@c彩照及图@d20cm | |
| 225 | 2 | @a走向科学的明天丛书@i天文学 |
| 300 | @a国家“九五”重点图书出版规划项目 | |
| 461 | 0 | @12001 @a走向科学的明天丛书 |
| 462 | 0 | @12001 @a天文学 |
| 606 | 0 | @a恒星@x普及读物 |
| 606 | 0 | @a恒星 |
| 690 | @aP152-49@v5 | |
| 701 | 0 | @a赵复垣@9zhao fu yuan@4著 |
| 801 | 0 | @aCN@bTSSF@c20150207 |
| 905 | @aZUCC@dP152-49@eJY2 | |
| 恒星的一生/赵复垣著.-南宁:广西教育出版社,1999 |
| 126页:彩照及图;20cm.-(走向科学的明天丛书.天文学) |
| 国家“九五”重点图书出版规划项目 |
| ISBN 7-5435-2905-X:CNY8.60 |
| ● |
| 相关链接 |
|
|
|
|
正题名:恒星的一生
索取号:P152-49/JY2
 
预约/预借
| 序号 | 登录号 | 条形码 | 馆藏地/架位号 | 状态 | 备注 |
| 1 | 7861794 | 278617944 | 学院路分馆/ [索取号:P152-49/JY2] | 在馆 |